Socios comerciales más grandes - Estados Unidos - Estadísticas

Estadísticas generales
  • Esta prueba ha sido intentada 2.468 veces
  • La puntuación promedio es 18 de 24
Estadísticas de respuestas
Exportaciones Importaciones País % Correcto
148 448 China
97%
44,8 41,0 Brasil
96%
45,3 58,9 Francia
96%
74,1 65,5 Reino Unido
95%
28,9 75,2 Italia
94%
76,7 163 Alemania
91%
38,8 - Bélgica
88%
24,9 - Emiratos Árabes Unidos
86%
25,0 - España
86%
- 28,1 Indonesia
85%
19,4 47,3 Malasia
85%
64,8 120 Corea del Sur
84%
- 119 Vietnam
83%
323 480 México
74%
40,1 87,3 India
71%
82,2 39,4 Países Bajos
71%
33,7 - Australia
68%
353 431 Canadá
62%
28,0 52,9 Suiza
62%
76,2 152 Japón
60%
- 58,7 Tailandia
59%
39,8 89,9 Taiwán
57%
- 82,7 Irlanda
55%
42,4 40,7 Singapur
42%
No se encontraron pruebas coincidentes
Distribución de puntuación
Porcentaje de gente con cada puntuación
Porcentaje por número respondido
Historial de tus puntuaciones
No has intentado esta prueba.